Na seriálovú nôtu Giraudoxova "rozprávka" Ondine v Trnavskom divadle

Bibliographic Details
Main Author: Maťašík, Andrej, 1953-2017 (Author)
Format: Article
Language:Slovak
PhysicalDescription:Fotogr. 1
Subjects:

MARC

LEADER 00000nab a2200000 a 4500
001 vtls000499840
003 SK-MaSNL
005 20260304234043.0
008 120927c1993 xo 0 slo
015 |a SNBRB19rr/mm-uuuuu 
035 |a CL0499978 
040 |a SNKBUCL  |b slo  |c SNKBUCL  |e AACR2 
041 0 |a slo 
044 |a xo  |c SK 
080 |a 792.2  |2 1981 
100 1 |a Maťašík, Andrej,  |d 1953-2017  |4 aut  |9 102086 
245 1 0 |a Na seriálovú nôtu  |b Giraudoxova "rozprávka" Ondine v Trnavskom divadle  |c Andrej Maťašík 
300 |b Fotogr. 1 
500 |a Réžia Michal Spišák 
600 1 7 |a Giraudoux, Jean,  |d 1882-1944  |t Ondine  |2 snkbucl  |9 980956 
600 1 7 |a Spišák, Michal,  |d 1963-  |2 snkbucl  |9 11229 
610 2 7 |a Trnavské divadlo  |2 snkbucl  |9 212133 
655 7 |a recenzie  |2 snkbucl  |9 21907 
655 7 |a články z novín a časopisov  |2 snkbucl  |9 267496 
773 0 |t Republika  |g Roč. 1, č. 193 (17. 11. 1993), s. 10 
850 |a Slovenská národná knižnica v Martine  |a MTA001 
852 |a SNK  |b KIS3GCP 
958 |a RK 
992 |a RBX 
999 |c 3201809  |d 3203739